[Event "Verbandsliga Suedbaden 2223"]
[Site "Germany"]
[Date "2022.09.25"]
[Round "1.1"]
[White "Scherer, Helmut"]
[Black "Merkel, Markus"]
[Result "1/2-1/2"]
[WhiteElo "2266"]
[BlackElo "2148"]
[PlyCount "29"]
[EventDate "2022.09.25"]
[EventType "team-tourn"]
[EventRounds "9"]
[EventCountry "GER"]
[SourceTitle "EXT 2024"]
[Source "ChessBase"]
[SourceDate "2023.10.10"]
[SourceVersion "1"]
[SourceVersionDate "2023.10.10"]
[SourceQuality "1"]
[WhiteTeam "Zaehringen"]
[BlackTeam "Heitersheim"]
[WhiteTeamCountry "GER"]
[BlackTeamCountry "GER"]

1. e4 c5 2. Nf3 e6 3. c4 Nc6 4. d4 cxd4 5. Nxd4 Nf6 6. Nc3 Bb4 7. Nxc6 bxc6 8. Bd3 e5 9. 0-0 Bc5 10. Rb1 a5 11. a3 Qe7 12. Bd2 0-0 13. Na4 Bd4 14. Qe1 d5 15. cxd5 1/2-1/2

[Event "Verbandsliga Suedbaden 2122"]
[Site "Baden"]
[Date "2021.10.31"]
[Round "2.2"]
[White "Schlindwein, Rolf"]
[Black "Scherer, Helmut"]
[Result "1-0"]
[WhiteElo "2379"]
[BlackElo "2266"]
[PlyCount "83"]
[EventDate "2021.10.10"]
[EventType "team-tourn"]
[EventRounds "9"]
[EventCountry "GER"]
[SourceTitle "EXT 2023"]
[Source "ChessBase"]
[SourceDate "2022.10.05"]
[SourceVersion "1"]
[SourceVersionDate "2022.10.05"]
[SourceQuality "1"]
[WhiteTeam "Baden-Baden IV"]
[BlackTeam "Zaehringen"]
[WhiteTeamCountry "GER"]
[BlackTeamCountry "GER"]

1. d4 Nf6 2. c4 e6 3. Nc3 d5 4. cxd5 exd5 5. Nf3 c6 6. Qc2 g6 7. Bg5 Be7 8. e3 Bf5 9. Bd3 Bxd3 10. Qxd3 Nbd7 11. 0-0 0-0 12. Bxf6 Nxf6 13. Rad1 Bd6 14. Ne5 Qe7 15. f4 Ne4 16. Nxe4 dxe4 17. Qb3 Rad8 18. Rf2 Kg7 19. Nc4 f6 20. Nxd6 Rxd6 21. Qa3 a6 22. Rc1 Rd7 23. Qxe7+ Rxe7 24. Rc5 Rd8 25. Rfc2 Red7 26. R2c4 Kf7 27. Rb4 Ke6 28. Kf2 Kd6 29. f5 g5 30. a4 Kc7 31. a5 Rd5 32. Rbc4 Rxc5 33. dxc5 Rd5 34. g4 h5 35. gxh5 Rxf5+ 36. Kg3 Re5 37. Kg4 f5+ 38. Kxg5 f4+ 39. Kg6 f3 40. h6 Re6+ 41. Kg7 Re5 42. h4 1-0

[Event "Calvia Amateur op 16th"]
[Site "Calvia"]
[Date "2019.10.10"]
[Round "6"]
[White "Zschischang, Marine"]
[Black "Scherer, Helmut"]
[Result "1/2-1/2"]
[WhiteElo "2052"]
[BlackElo "2278"]
[PlyCount "87"]
[EventDate "2019.10.05"]
[EventType "swiss"]
[EventRounds "9"]
[EventCountry "ESP"]
[SourceTitle "CBM 192 Extra"]
[Source "Chessbase"]
[SourceDate "2019.11.06"]
[SourceVersion "1"]
[SourceVersionDate "2019.11.06"]
[SourceQuality "1"]

1. d4 d5 2. c4 dxc4 3. e3 e5 4. Bxc4 exd4 5. exd4 Bd6 6. Nf3 Nf6 7. 0-0 0-0 8. Bg5 Nbd7 9. Nc3 c6 10. Re1 Nb6 11. Bb3 Bf5 12. Ne5 Be6 13. Bc2 Be7 14. Qd3 g6 15. Qf3 Nbd5 16. Rad1 Re8 17. Bh6 Qc8 18. h3 Bf8 19. Bxf8 Rxf8 20. a3 Kg7 21. g4 Nxc3 22. bxc3 Bd5 23. Qg3 b5 24. Bd3 Qc7 25. c4 bxc4 26. Nxc4 Qd8 27. Qf4 Rb8 28. Rb1 Rxb1 29. Rxb1 Qe7 30. g5 Nh5 31. Qe5+ Qxe5 32. Nxe5 Re8 33. Bf1 Nf4 34. Rb7 c5 35. Rxa7 cxd4 36. Nd3 Ne6 37. h4 Rb8 38. Bg2 Ba2 39. Rd7 Rb3 40. Ne5 Rxa3 41. Rxf7+ Kg8 42. Rd7 Ra4 43. Ng4 Nf8 44. Bd5+ 1/2-1/2

[Event "Calvia Amateur op 16th"]
[Site "Calvia"]
[Date "2019.10.08"]
[Round "4"]
[White "Zschischang, Gunnar"]
[Black "Scherer, Helmut"]
[Result "0-1"]
[WhiteElo "2103"]
[BlackElo "2278"]
[PlyCount "82"]
[EventDate "2019.10.05"]
[EventType "swiss"]
[EventRounds "9"]
[EventCountry "ESP"]
[SourceTitle "CBM 192 Extra"]
[Source "Chessbase"]
[SourceDate "2019.11.06"]
[SourceVersion "1"]
[SourceVersionDate "2019.11.06"]
[SourceQuality "1"]

1. e4 e5 2. Nf3 Nc6 3. Bc4 Bc5 4. c3 Qe7 5. d4 Bb6 6. 0-0 d6 7. h3 Nf6 8. Bd5 Nd8 9. Nbd2 Nxd5 10. exd5 f6 11. Nc4 Nf7 12. a4 c6 13. Nxb6 axb6 14. Qb3 Ra6 15. Be3 c5 16. dxc5 bxc5 17. Qc4 b6 18. b4 Qd7 19. Qb3 0-0 20. b5 Ra8 21. a5 bxa5 22. Ra4 f5 23. Rfa1 f4 24. Bd2 g5 25. Rxa5 Rxa5 26. Rxa5 h5 27. Qb1 Kg7 28. b6 Qf5 29. Qb3 Bb7 30. c4 Nh6 31. Ra7 Rf7 32. Qb5 g4 33. hxg4 hxg4 34. Ne1 Re7 35. Qb3 Kg6 36. g3 Rf7 37. Ng2 Qe4 38. gxf4 Nf5 39. fxe5 Nd4 40. Qe3 Nf3+ 41. Kf1 Qxc4+ 0-1

[Event "Verbandsliga Suedbaden 1819"]
[Site "Baden"]
[Date "2019.03.31"]
[Round "8.1"]
[White "Scherer, Helmut"]
[Black "Metz, Hartmut"]
[Result "1/2-1/2"]
[WhiteElo "2278"]
[BlackElo "2266"]
[PlyCount "25"]
[EventDate "2018.10.14"]
[EventType "team-tourn"]
[EventRounds "9"]
[EventCountry "GER"]
[SourceTitle "EXT 2020"]
[Source "ChessBase"]
[SourceDate "2019.10.17"]
[SourceVersion "1"]
[SourceVersionDate "2019.10.17"]
[SourceQuality "1"]
[WhiteTeam "Zaehringen"]
[BlackTeam "Kuppenheim"]
[WhiteTeamCountry "GER"]
[BlackTeamCountry "GER"]

1. e4 c6 2. d4 d5 3. Nc3 dxe4 4. Nxe4 Nf6 5. Nxf6+ gxf6 6. c3 Bf5 7. Ne2 Nd7 8. Ng3 Bg6 9. Be2 Qc7 10. h4 h6 11. h5 Bh7 12. Be3 0-0-0 13. Rh4 1/2-1/2

[Event "Verbandsliga Suedbaden 1819"]
[Site "Baden"]
[Date "2018.10.14"]
[Round "1.2"]
[White "Fecker, Noah"]
[Black "Scherer, Helmut"]
[Result "1/2-1/2"]
[WhiteElo "2177"]
[BlackElo "2278"]
[PlyCount "68"]
[EventDate "2018.10.14"]
[EventType "team-tourn"]
[EventRounds "9"]
[EventCountry "GER"]
[SourceTitle "EXT 2020"]
[Source "ChessBase"]
[SourceDate "2019.10.17"]
[SourceVersion "1"]
[SourceVersionDate "2019.10.17"]
[SourceQuality "1"]
[WhiteTeam "Gottmadingen"]
[BlackTeam "Zaehringen"]
[WhiteTeamCountry "GER"]
[BlackTeamCountry "GER"]

1. e4 e5 2. Nf3 Nc6 3. Bb5 a6 4. Ba4 Nf6 5. d3 d6 6. c4 Be7 7. h3 0-0 8. Be3 Nd7 9. 0-0 f5 10. exf5 Rxf5 11. d4 exd4 12. Nxd4 Nxd4 13. Bxd4 Bf6 14. Bc2 Rf4 15. Bxf6 Rxf6 16. Nc3 Rf7 17. Qh5 Nf6 18. Qh4 g6 19. Rae1 Bd7 20. Re3 Bc6 21. Rfe1 Nh5 22. Qxd8+ Rxd8 23. Be4 Bxe4 24. Rxe4 Kf8 25. g3 Nf6 26. Re6 Re8 27. Rxe8+ Nxe8 28. Nd5 c6 29. Nf4 Nc7 30. Kf1 Re7 31. Rd1 Rd7 32. Ke2 Kf7 33. Ke3 Ne6 34. Nxe6 Kxe6 1/2-1/2

[Event "Verbandsliga Suedbaden 1617"]
[Site "Baden"]
[Date "2017.02.12"]
[Round "6.4"]
[White "Scherer, Helmut"]
[Black "Haussernot, Cecile"]
[Result "1-0"]
[WhiteElo "2278"]
[BlackElo "2098"]
[PlyCount "91"]
[EventDate "2016.10.09"]
[EventType "team-tourn"]
[EventRounds "9"]
[EventCountry "GER"]
[SourceTitle "EXT 2022"]
[Source "ChessBase"]
[SourceDate "2021.10.06"]
[SourceVersion "1"]
[SourceVersionDate "2021.10.06"]
[SourceQuality "1"]
[WhiteTeam "Zaehringen"]
[BlackTeam "Baden Baden IV"]
[WhiteTeamCountry "GER"]
[BlackTeamCountry "GER"]

1. e4 c5 2. Nf3 e6 3. Nc3 d6 4. d4 cxd4 5. Nxd4 Nf6 6. g4 e5 7. Nf5 h5 8. g5 Nxe4 9. Nxg7+ Bxg7 10. Nxe4 d5 11. Ng3 Bg4 12. Be2 h4 13. Bxg4 hxg3 14. fxg3 Qb6 15. Qe2 Nc6 16. Kf1 Nd4 17. Qd3 f5 18. gxf6 0-0 19. Kg2 e4 20. Qd1 Rxf6 21. Be3 Rc6 22. Rb1 Rxc2+ 23. Qxc2 Nxc2 24. Bxb6 axb6 25. Be6+ Kh8 26. Rhc1 Ne3+ 27. Kf2 Nc4 28. Bxd5 Nd2 29. Bxb7 Rf8+ 30. Ke2 Nxb1 31. Rxb1 Bd4 32. Rf1 Rxf1 33. Kxf1 Bxb2 34. Bxe4 Kg7 35. Kg2 Kf6 36. h4 Ke5 37. Bc2 b5 38. Kf3 b4 39. g4 Bc3 40. g5 Ke6 41. Kg4 Kf7 42. h5 Bd2 43. h6 Kf8 44. Bb3 Bc1 45. Kh5 Bd2 46. g6 1-0

[Event "Verbandsliga Suedbaden 1516"]
[Site "Baden"]
[Date "2016.01.24"]
[Round "5.2"]
[White "Tuchtfeld, Juergen"]
[Black "Scherer, Helmut"]
[Result "0-1"]
[WhiteElo "2022"]
[BlackElo "2278"]
[PlyCount "116"]
[EventDate "2015.09.27"]
[EventType "team-tourn"]
[EventRounds "9"]
[EventCountry "GER"]
[SourceTitle "EXT 2022"]
[Source "ChessBase"]
[SourceDate "2021.10.06"]
[SourceVersion "1"]
[SourceVersionDate "2021.10.06"]
[SourceQuality "1"]
[WhiteTeam "Ebringen"]
[BlackTeam "Zaehringen"]
[WhiteTeamCountry "GER"]
[BlackTeamCountry "GER"]

1. d4 Nf6 2. Nf3 e6 3. e3 b6 4. Bd3 Bb7 5. 0-0 c5 6. Nbd2 Be7 7. b3 cxd4 8. exd4 0-0 9. Bb2 Nc6 10. a3 Nd5 11. Re1 Rc8 12. c4 Nf4 13. Bf1 d5 14. g3 Ng6 15. cxd5 Qxd5 16. Bg2 Qf5 17. Nc4 Rfd8 18. Ne3 Qh5 19. Ne5 Qxd1 20. Rexd1 Ngxe5 21. dxe5 Na5 22. Bxb7 Nxb7 23. Rac1 Rxd1+ 24. Rxd1 Rc7 25. b4 Kf8 26. Kf1 Ke8 27. Ke2 b5 28. Bd4 Nd8 29. Rd2 Nc6 30. Bc3 a5 31. Nc2 axb4 32. axb4 Ra7 33. Nd4 Nxd4+ 34. Rxd4 Ra3 35. Kd2 Ra2+ 36. Ke3 Bd8 37. Rd2 Bb6+ 38. Ke2 Rxd2+ 39. Bxd2 Kd7 40. Be3 Bc7 41. f4 Kc6 42. Kd3 Kd5 43. Bc5 f6 44. exf6 gxf6 45. Be7 f5 46. Bc5 Bd8 47. Bd4 Be7 48. Bc3 h5 49. Be1 Bf8 50. Bc3 Bd6 51. Bd2 Bb8 52. Be3 Bc7 53. Bd4 h4 54. Be3 h3 55. Bd4 Bb8 56. Be3 e5 57. fxe5 Bxe5 58. Bc5 Bxg3 0-1

[Event "Oberliga Baden 1314"]
[Site "Germany"]
[Date "2014.03.16"]
[Round "8.3"]
[White "Scherer, Helmut"]
[Black "Gasthofer, Alexander"]
[Result "1/2-1/2"]
[WhiteElo "2284"]
[BlackElo "2431"]
[PlyCount "44"]
[EventDate "2013.10.13"]
[EventType "team-tourn"]
[EventRounds "9"]
[EventCountry "GER"]
[SourceTitle "EXT 2015"]
[Source "ChessBase"]
[SourceDate "2014.11.20"]
[SourceVersion "1"]
[SourceVersionDate "2014.11.20"]
[SourceQuality "1"]
[WhiteTeam "Zaehringen"]
[BlackTeam "Bad Mergentheim"]
[WhiteTeamCountry "GER"]
[BlackTeamCountry "GER"]

1. e4 e6 2. d4 d5 3. Nd2 dxe4 4. Nxe4 Nd7 5. Nf3 Ngf6 6. Bg5 h6 7. Bh4 Be7 8. Nxf6+ Nxf6 9. Bd3 c5 10. dxc5 Bxc5 11. Qe2 Qa5+ 12. c3 Be7 13. 0-0 0-0 14. Ne5 Qc7 15. Rae1 b6 16. Bb1 Rd8 17. Bg3 Bd6 18. Rd1 Bb7 19. Rfe1 Qe7 20. Qc2 Bxe5 21. Bxe5 Rxd1 22. Qxd1 Rd8 1/2-1/2

[Event "Oberliga Baden 1314"]
[Site "Germany"]
[Date "2013.10.13"]
[Round "1.4"]
[White "Scherer, Max"]
[Black "Scherer, Helmut"]
[Result "0-1"]
[WhiteElo "2303"]
[BlackElo "2293"]
[PlyCount "138"]
[EventDate "2013.10.13"]
[EventType "team-tourn"]
[EventRounds "9"]
[EventCountry "GER"]
[SourceTitle "EXT 2015"]
[Source "ChessBase"]
[SourceDate "2014.11.20"]
[SourceVersion "1"]
[SourceVersionDate "2014.11.20"]
[SourceQuality "1"]
[WhiteTeam "Dreisamtal"]
[BlackTeam "Zaehringen"]
[WhiteTeamCountry "GER"]
[BlackTeamCountry "GER"]

1. c4 c5 2. g3 Nc6 3. Bg2 g6 4. e3 Bg7 5. Ne2 e5 6. Nbc3 Nge7 7. 0-0 0-0 8. a3 d6 9. Rb1 Bf5 10. d3 Qd7 11. Ne4 Rfd8 12. b4 b6 13. b5 Na5 14. N4c3 Bh3 15. e4 Rf8 16. Bg5 f6 17. Bd2 Nb7 18. f4 Nd8 19. Rf2 Bxg2 20. Kxg2 f5 21. fxe5 dxe5 22. Bg5 Bf6 23. Bxf6 Rxf6 24. Qd2 Nf7 25. Rbf1 Rd8 26. Nd5 Nxd5 27. exd5 Nd6 28. Nc3 Rff8 29. Qe3 Qg7 30. a4 Rfe8 31. Ne2 Rd7 32. a5 Rde7 33. Rc1 Nb7 34. axb6 axb6 35. Nc3 Ra8 36. g4 Nd6 37. Qg3 Ra3 38. Re2 f4 39. Qf3 g5 40. Ne4 Qg6 41. Nxd6 Qxd6 42. Qe4 Qg6 43. Rd1 Kg7 44. Qxg6+ Kxg6 45. Kf3 h5 46. h3 Kf6 47. gxh5 Kf5 48. Kf2 Rea7 49. h6 Ra2 50. Rde1 Rxe2+ 51. Rxe2 Rh7 52. Kg2 Rxh6 53. Ra2 g4 54. hxg4+ Kxg4 55. Ra8 f3+ 56. Kg1 Kg3 57. Rg8+ Kf4 58. Re8 Rh5 59. Rf8+ Ke3 60. d6 Rh7 61. Rf5 Kxd3 62. Rxe5 Rd7 63. Kf2 Kxc4 64. Re6 Kxb5 65. Kxf3 Kc6 66. Ke2 Rxd6 67. Re8 Kb5 68. Ra8 c4 69. Ra1 c3 0-1

[Event "Verbandsliga Sued Baden 1213"]
[Site "Baden"]
[Date "2012.11.18"]
[Round "2.5"]
[White "Scherer, Helmut"]
[Black "Kopp, Berthold"]
[Result "1/2-1/2"]
[WhiteElo "2293"]
[BlackElo "2202"]
[PlyCount "62"]
[EventDate "2012.10.21"]
[EventType "team-tourn"]
[EventRounds "9"]
[EventCountry "GER"]
[SourceTitle "EXT 2014"]
[Source "ChessBase"]
[SourceDate "2013.11.20"]
[SourceVersion "1"]
[SourceVersionDate "2013.11.20"]
[SourceQuality "1"]
[WhiteTeam "Zaehringen"]
[BlackTeam "Lahr"]
[WhiteTeamCountry "GER"]
[BlackTeamCountry "GER"]

1. e4 d5 2. exd5 Qxd5 3. Nc3 Qd8 4. d4 Nf6 5. Bg5 c6 6. Bc4 Bg4 7. f3 Bf5 8. Nge2 e6 9. Qd2 Nbd7 10. g4 Bg6 11. Nf4 Bd6 12. Nce2 Nb6 13. Bb3 Nbd5 14. h4 Nxf4 15. Nxf4 Bxf4 16. Bxf4 h6 17. Be5 Qe7 18. h5 Bh7 19. g5 hxg5 20. Qxg5 Rg8 21. h6 Bg6 22. hxg7 Nd7 23. Qf4 Nxe5 24. Qxe5 Kd7 25. 0-0-0 Qd6 26. Rh4 Rae8 27. Qa5 a6 28. Qe5 Qxe5 29. dxe5+ Kc7 30. Rhd4 Re7 31. Rd8 Rxg7 1/2-1/2

[Event "Verbandsliga Sued Baden 1112"]
[Site "Germany"]
[Date "2011.10.09"]
[Round "1.4"]
[White "Bosshard, Paul"]
[Black "Scherer, Helmut"]
[Result "0-1"]
[WhiteElo "1870"]
[BlackElo "2293"]
[PlyCount "116"]
[EventDate "2011.10.09"]
[EventType "team-tourn"]
[EventRounds "9"]
[EventCountry "GER"]
[SourceTitle "EXT 2013"]
[Source "ChessBase"]
[SourceDate "2012.11.22"]
[SourceVersion "1"]
[SourceVersionDate "2012.11.22"]
[SourceQuality "1"]
[WhiteTeam "Engen"]
[BlackTeam "Zaehringen"]
[WhiteTeamCountry "GER"]
[BlackTeamCountry "GER"]

1. d4 d5 2. c4 e6 3. Nc3 Nf6 4. Nf3 Be7 5. g3 0-0 6. Bg2 dxc4 7. Ne5 c5 8. e3 Qc7 9. 0-0 Rd8 10. Qe2 Na6 11. Nxc4 cxd4 12. Nb5 Qc5 13. Nxd4 e5 14. Nb3 Qb5 15. Bd2 e4 16. Rfc1 Bg4 17. f3 exf3 18. Bxf3 Qh5 19. Bxg4 Nxg4 20. Nca5 Rd7 21. Rc4 Nf6 22. Qxh5 Nxh5 23. Rac1 Rad8 24. Rc8 f5 25. Nd4 Kf7 26. Rxd8 Bxd8 27. Nc4 Bf6 28. Nxf5 Ke6 29. g4 g6 30. Nfd6 Ng7 31. Ne4 Be7 32. Bc3 Ne8 33. Ne5 Rc7 34. Nf3 h5 35. Nfg5+ Kd7 36. Rd1+ Kc8 37. Ne6 Rc4 38. Nd4 hxg4 39. b3 Rc7 40. Nb5 Rd7 41. Nxa7+ Kd8 42. Ba5+ Nec7 43. Rxd7+ Kxd7 44. Nf2 Bc5 45. Nxg4 Bxa7 46. Ne5+ Ke6 47. Nxg6 Bxe3+ 48. Kg2 Bg5 49. Kf3 Nd5 50. h4 Bh6 51. h5 Nab4 52. Nf4+ Bxf4 53. Bxb4 Nxb4 54. Kxf4 Nxa2 55. Ke4 b5 56. h6 Kf6 57. Kd3 Kg6 58. Kd4 b4 0-1

[Event "Verbandsliga Sued Baden 1011"]
[Site "Baden"]
[Date "2011.03.27"]
[Round "8.2"]
[White "Scherer, Helmut"]
[Black "Reinhart, Emmanuel"]
[Result "0-1"]
[WhiteElo "2293"]
[BlackElo "2358"]
[PlyCount "82"]
[EventDate "2010.10.17"]
[EventType "team-tourn"]
[EventRounds "9"]
[EventCountry "GER"]
[SourceTitle "EXT 2012"]
[Source "ChessBase"]
[SourceDate "2011.11.24"]
[SourceVersion "1"]
[SourceVersionDate "2011.11.24"]
[SourceQuality "1"]
[WhiteTeam "Zaehringen"]
[BlackTeam "Oberwinden"]
[WhiteTeamCountry "GER"]
[BlackTeamCountry "GER"]

1. e4 c6 2. d4 g6 3. Nc3 Bg7 4. Nf3 d5 5. h3 dxe4 6. Nxe4 Nd7 7. Bc4 Ngf6 8. Nxf6+ Nxf6 9. 0-0 0-0 10. Re1 h6 11. Bf4 e6 12. Qd2 Kh7 13. Rad1 Qe7 14. c3 Rd8 15. Qe2 a6 16. Ne5 Bd7 17. Bb3 Be8 18. Qf3 Rac8 19. Nd3 b6 20. Bc4 a5 21. Be5 c5 22. dxc5 bxc5 23. Qe3 Nd5 24. Bxd5 Rxd5 25. c4 Rdd8 26. Bxg7 Kxg7 27. Qe5+ Qf6 28. Qxf6+ Kxf6 29. Ne5 Rxd1 30. Ng4+ Ke7 31. Rxd1 Rb8 32. b3 a4 33. Rd3 axb3 34. axb3 f6 35. h4 Bc6 36. Kh2 e5 37. Kg3 Ke6 38. Ne3 Be4 39. Rc3 f5 40. f4 g5 41. hxg5 hxg5 0-1